000 00393cam a22001217a 4500
008 180718b1989 xxu||||| |||| 00| 0 eng d
082 _aA81x54 In2/81/16/PT10B/BH
100 _aCensus of India 1981
245 _aOrissa: town survey report, Bhawanipatna
260 _aDelhi
_bThe Controller of Publications
_c1989
300 _a179+p.
440 _aCensus of India 1981. Series-16, Orissa. Part-XB
999 _c483187
_d483187